Subdivision centers closest to Murska Sobota (SI) - Statistics

General Stats
  • This quiz has been taken 13 times
  • The average score is 13 of 20
Answer Stats
Distance (km) Answer % Correct
6 71 Graz
100%
2 41 Maribor
100%
12 96 Zagreb
100%
8 75 Koprivnica
80%
17 131 Sisak
80%
3 42 Varaždin
80%
1 37 Čakovec
60%
20 138 Karlovac
60%
5 60 Krapina
60%
11 94 Krško
60%
15 122 Novo Mesto
60%
10 85 Slovenj Gradec
60%
7 72 Szombathely
60%
14 103 Trbovlje
60%
18 132 Virovitica
60%
4 56 Zalaegerszeg
60%
13 100 Bjelovar
40%
9 84 Celje
40%
19 134 Eisenstadt
40%
16 129 Kaposvár
40%
No matching quizzes found
Score Distribution
Percent of People with Each Score
Percentile by Number Answered
Your Score History
You have not taken this quiz